000 01193nam a2200241Ia 4500
003 OSt
005 20200902212438.0
008 191128s2002 ck fr 000 0 spa d
040 _aCO-JMCR
_cCO-JMCR
041 0 _aspa
082 0 4 _a352.49861 /
_bM539p
_223
100 1 _aMendoza Saavedra, Martha Rocío,
_eCompiladora
_95868
245 1 0 _aProceso presupuestal municipal /
_cMartha Rocío Mendoza Saavedra
250 _aPrimera edición
260 _aBogotá :
_bGiro,
_c2002
300 _a315 páginas ;
_c24 cm.
490 0 _aBiblioteca de las finanzas municipales ;
_v3
505 0 _aVínculos entre el presupuesto y la planeación del desarrollo municipal -- La estructura del presupuesto municipal y del anexo con el detalle de ingresos y gastos -- Estudio y aprobación del proyecto de presupuesto por el concejo
520 3 _aEl proyecto de gestión financiera municipal-PROFIM- es un convenio suscrito en el año 2001 entre la federación Colombiana de municipios, el Ministerio de Hacienda y Crédito Público y la Cooperación Alema de desarrollo
650 1 4 _aPresupuestos
_xmunicipales
_99674
650 1 4 _aEstructuras de presupuestos
_xmunicipales
_99675
942 _2ddc
_cBK
999 _c3860
_d3860